000 00596nam a2200229Ia 4500
003 OSt
005 20221005123933.0
006 a|||||r|||| 00| 0
007 ta
008 221004b |||||||| |||| 00| 0 tam d
024 _a51913
037 _cTextual
040 _aCRL
_cCRL
_btam
041 _2tam
_atam
082 _aQ23:417x5:g, 31K1
100 _aChidhambaranar Au.
_9634473
245 0 _aManivachagar moolar mani mozhigal
260 _c1961
650 _aRELIGION
942 _hQ23:417x5:g, 31K1
_cTEXL
_2cc
999 _c1048998
_d1048998